| 000 | 01320cad a22002175a 4500 | ||
|---|---|---|---|
| 001 | L155967 | ||
| 008 | 120424s2012 xxk f 000 0 eng d | ||
| 035 | _a(Sirsi) u155967 | ||
| 041 | 0 | _aeng | |
| 110 | 2 |
_aNational Self Build Association _95919 |
|
| 245 | 0 | 2 |
_aA progress report to Government on the implementation of the Action Plan to promote the growth of self build housing _bApril 2012 _h[electronic resource] |
| 260 |
_a[S.l.] _bNaSBA _c2012 |
||
| 505 | 2 | _aBackground -- Land and procurement models -- Lending and finance -- Regulation and red tape -- The self build industry -- Next steps -- Summary of Progress | |
| 520 | _aA report on progress made over the past year in which the Government has worked closely with the self build (or 'custom build' home) industry to progress a range of initiatives that should result in a significant growth in the number of self build homes constructed in the UK; includes summary of progress. A wide range of professional organisations participated in the project including RICS. | ||
| 590 | _aKA NTK | ||
| 651 | 4 |
_aUnited Kingdom _y |
|
| 690 |
_aConstruction management _96230 |
||
| 690 |
_aResidential property _96266 |
||
| 856 | 4 | 0 |
_uhttps://www.nasba.org.uk/images/pdf/nasba_sbwpipp_2012_lowres.pdf _zView this report free of charge at www.nasba.org.uk |
| 942 | _n0 | ||
| 999 |
_c113950 _d113950 |
||